Calciatori brasiliani nella Squadra della stagione della Champions - Statistics

Statistiche generali
  • Questo quiz è stato fatto 3 volte
  • Il punteggio medio è 8 su 12
Statistiche sulle risposte
Numero apparizioni Edizioni apparizioni Squadra Calciatore % Corretto
3 2015-2016; 2016-2017; 2017-2018 Real Madrid Marcelo
100%
2 2019-2020; 2020-2021 Paris Saint-Germain Marquinhos
100%
3 2014-2015; 2019-2020; 2020-2021 Barcellona; Paris Saint-Germain Neymar
100%
3 2021-2022; 2022-2023; 2023-2024 Real Madrid Vinicius Jr.
100%
2 2017-2018; 2018-2019 Roma Alisson
67%
2 2016-2017; 2017-2018 Real Madrid Casemiro
67%
1 2020-2021 Manchester City Ederson
67%
1 2021-2022 Liverpool Fabinho
67%
1 2018-2019 Ajax David Neres
33%
1 2018-2019 Tottenham Lucas Moura
33%
1 2017-2018 Liverpool Roberto Firmino
33%
1 2015-2016 Paris Saint-Germain Thiago Silva
33%
Nessun quiz corrispondente trovato
Distribuzione punteggi
Percentuale di utenti per punteggio
Percentile per numero di risposta
I tuoi punteggi nel tempo
Non hai fatto questo quiz